[Event "POL-chT 2nd League"]
[Site "Szklarska Poreba"]
[Date "2017.09.10"]
[Round "9.8"]
[White "Gwozdzik, Zbigniew"]
[Black "Wielek, Thomas"]
[Result "1/2-1/2"]
[WhiteElo "1878"]
[BlackElo "1803"]
[PlyCount "62"]
[EventDate "2017.09.02"]
[EventType "team-swiss"]
[EventRounds "9"]
[EventCountry "POL"]
[SourceTitle "CBM 180 Extra"]
[Source "ChessBase"]
[SourceDate "2017.10.06"]
[SourceVersion "1"]
[SourceVersionDate "2017.10.06"]
[SourceQuality "1"]
[WhiteTeam "Chroscice Victoria"]
[BlackTeam "Podlesie UKS 21"]
[WhiteTeamCountry "POL"]
[BlackTeamCountry "POL"]

1. c4 g6 2. Nc3 Bg7 3. g3 Nf6 4. Bg2 0-0 5. Nf3 c5 6. 0-0 Nc6 7. d3 d6 8. Bd2 h6 9. h3 Bd7 10. Rb1 a5 11. a3 Kh7 12. Kh2 Rb8 13. e4 e5 14. Ne1 Ne8 15. Nc2 Nc7 16. Ne3 Nd4 17. Ncd5 Nxd5 18. Nxd5 Bc6 19. Bc3 Bxd5 20. cxd5 b6 21. Bxd4 cxd4 22. Rc1 Rc8 23. Rxc8 Qxc8 24. Qc1 Qc5 25. Qxc5 bxc5 26. Rc1 Rb8 27. Rc2 g5 28. Bf3 Kg6 29. g4 Bf6 30. Bd1 Bd8 31. Rd2 Kf6 1/2-1/2

[Event "Zabrze Region-ch"]
[Site "Zabrze"]
[Date "2010.12.08"]
[Round "1.2"]
[White "Gwozdzik, Zbigniew"]
[Black "Sroka, Janusz"]
[Result "1/2-1/2"]
[WhiteElo "1885"]
[BlackElo "2114"]
[PlyCount "40"]
[EventDate "2010.12.08"]
[EventType "swiss"]
[EventRounds "9"]
[EventCountry "POL"]
[SourceTitle "EXT 2023"]
[Source "ChessBase"]
[SourceDate "2022.10.05"]
[SourceVersion "1"]
[SourceVersionDate "2022.10.05"]
[SourceQuality "1"]

1. d4 Nf6 2. Bg5 d6 3. Bxf6 gxf6 4. e3 c5 5. Ne2 Qb6 6. Nbc3 cxd4 7. Qxd4 Qxd4 8. Nxd4 Nc6 9. Ndb5 Kd8 10. 0-0-0 a6 11. Nd4 Nxd4 12. Rxd4 f5 13. Be2 Bg7 14. Rd3 Bd7 15. Bh5 Rf8 16. Bf3 Bc6 17. Nd5 Rc8 18. Nb6 Rc7 19. Nd5 Rc8 20. Nb6 Rc7 1/2-1/2

[Event "Chorzow op"]
[Site "Chorzow"]
[Date "2010.03.27"]
[Round "8"]
[White "Slawski, Kazimierz"]
[Black "Gwozdzik, Zbigniew"]
[Result "0-1"]
[WhiteElo "2500"]
[BlackElo "1923"]
[PlyCount "63"]
[EventDate "2010.03.20"]
[EventType "swiss"]
[EventRounds "9"]
[EventCountry "POL"]
[SourceTitle "EXT 2012"]
[Source "ChessBase"]
[SourceDate "2011.11.24"]
[SourceVersion "1"]
[SourceVersionDate "2011.11.24"]
[SourceQuality "1"]

1. d4 Nf6 2. c4 c5 3. Nf3 e6 4. Nc3 cxd4 5. Qxd4 Nc6 6. Qd1 Bb4 7. Bd2 0-0 8. e3 b6 9. Be2 Bb7 10. 0-0 Rc8 11. Rc1 Qe7 12. a3 Bxc3 13. Bxc3 d5 14. Ne5 Rfd8 15. f4 dxc4 16. Qc2 Nxe5 17. Bb4 Qc7 18. fxe5 Qxe5 19. Qc3 Qg5 20. Bf3 Rd3 21. Qc2 Qxe3+ 22. Kh1 Nd5 23. Be1 h6 24. Bf2 Qd2 25. Qa4 Rxf3 26. gxf3 Nf4 27. Qd1 Qxd1 28. Rfxd1 Bxf3+ 29. Kg1 Nh3+ 30. Kf1 Bxd1 31. Rxd1 Nxf2 32. Kxf2 0-1

[Event "Chorzow op"]
[Site "Chorzow"]
[Date "2010.03.20"]
[Round "1"]
[White "Gwozdzik, Zbigniew"]
[Black "Bogacki, Henryk"]
[Result "1-0"]
[WhiteElo "1923"]
[BlackElo "1615"]
[PlyCount "59"]
[EventDate "2010.03.20"]
[EventType "swiss"]
[EventRounds "9"]
[EventCountry "POL"]
[SourceTitle "EXT 2012"]
[Source "ChessBase"]
[SourceDate "2011.11.24"]
[SourceVersion "1"]
[SourceVersionDate "2011.11.24"]
[SourceQuality "1"]

1. d4 Nf6 2. c4 g6 3. Nc3 Bg7 4. e4 d6 5. Be2 0-0 6. Nf3 e5 7. d5 c5 8. 0-0 a6 9. Rb1 Ne8 10. b4 b6 11. bxc5 bxc5 12. Bd2 f5 13. Ng5 Nf6 14. Qb3 h6 15. Ne6 Bxe6 16. dxe6 Nc6 17. exf5 Nd4 18. Qb7 Nxf5 19. Bf3 Rb8 20. Qxa6 Ne7 21. Rxb8 Qxb8 22. Rb1 Qd8 23. Rb6 Ne8 24. Nd5 Kh8 25. Rb7 Nxd5 26. Bxd5 Qf6 27. Rf7 Rxf7 28. exf7 e4 29. fxe8Q+ Bf8 30. Bc3 1-0

[Event "POL-ch Seniors"]
[Site "Swietochlowice"]
[Date "2008.10.02"]
[Round "3.5"]
[White "Gwozdzik, Zbigniew"]
[Black "Sroka, Janusz"]
[Result "1/2-1/2"]
[WhiteElo "1934"]
[BlackElo "2129"]
[PlyCount "35"]
[EventDate "2008.09.30"]
[EventType "swiss"]
[EventRounds "9"]
[EventCountry "POL"]
[SourceTitle "EXT 2023"]
[Source "ChessBase"]
[SourceDate "2022.10.05"]
[SourceVersion "1"]
[SourceVersionDate "2022.10.05"]
[SourceQuality "1"]

1. d4 g6 2. Nf3 Bg7 3. g3 Nf6 4. Bg2 0-0 5. c4 d6 6. 0-0 c6 7. Nc3 a6 8. e4 b5 9. e5 Ne8 10. exd6 exd6 11. b3 bxc4 12. bxc4 a5 13. Re1 Ba6 14. Qb3 Nd7 15. Bg5 f6 16. c5+ Kh8 17. Be3 d5 18. Qa4 1/2-1/2

[Event "POL-ch Seniors"]
[Site "Swietochlowice"]
[Date "2008.09.30"]
[Round "1.15"]
[White "Gwozdzik, Zbigniew"]
[Black "Krzempek, Angelika"]
[Result "1-0"]
[WhiteElo "1934"]
[BlackElo "1600"]
[PlyCount "79"]
[EventDate "2008.09.30"]
[EventType "swiss"]
[EventRounds "9"]
[EventCountry "POL"]
[SourceTitle "EXT 2023"]
[Source "ChessBase"]
[SourceDate "2022.10.05"]
[SourceVersion "1"]
[SourceVersionDate "2022.10.05"]
[SourceQuality "1"]

1. d4 d5 2. Nf3 Nf6 3. c4 e6 4. g3 c5 5. Bg2 Nc6 6. 0-0 Be7 7. cxd5 Nxd5 8. dxc5 Bxc5 9. Qc2 Qb6 10. Nc3 Nxc3 11. Qxc3 0-0 12. a3 Bd7 13. e3 Rac8 14. b4 Be7 15. Bb2 Bf6 16. Qd2 Bxb2 17. Qxb2 a5 18. Rfd1 Rfd8 19. Rac1 axb4 20. axb4 f6 21. Rd6 Be8 22. Rxe6 Qxb4 23. Qxb4 Nxb4 24. Rb1 Na6 25. Nd4 Nc5 26. Reb6 Bg6 27. Rc1 Ne4 28. Ra1 Ra8 29. Rc1 Rac8 30. Re1 Nc5 31. Bxb7 Nxb7 32. Rxb7 Re8 33. f3 Rc4 34. Kf2 Bf7 35. Ra1 Bd5 36. Rd7 Bc6 37. Nxc6 Rc2+ 38. Kg1 Rxc6 39. Raa7 Rxe3 40. Rd8+ 1-0

[Event "POL-chT3 Slaskie"]
[Site "Poland"]
[Date "2008.05.10"]
[Round "7.83"]
[White "Dzierzak, Boguslaw"]
[Black "Gwozdzik, Zbigniew"]
[Result "0-1"]
[WhiteElo "2190"]
[BlackElo "1888"]
[PlyCount "64"]
[EventDate "2008.02.03"]
[EventType "team-swiss"]
[EventRounds "9"]
[EventCountry "POL"]
[SourceTitle "EXT 2019"]
[Source "ChessBase"]
[SourceDate "2018.10.10"]
[SourceVersion "1"]
[SourceVersionDate "2018.10.10"]
[SourceQuality "1"]

1. e4 Nf6 2. e5 Nd5 3. d4 d6 4. Nf3 dxe5 5. Nxe5 c6 6. Qf3 Be6 7. Bc4 Nd7 8. 0-0 Nxe5 9. dxe5 Qc7 10. Re1 g6 11. Nc3 Rd8 12. Bf4 Nxf4 13. Qxf4 Bxc4 14. Qxc4 Bg7 15. e6 f5 16. Rad1 Bxc3 17. bxc3 0-0 18. Rd7 b5 19. Qb3 Qf4 20. Red1 Qb8 21. c4 Rde8 22. cxb5 Qxb5 23. Rxa7 Qc5 24. Rb7 Rf6 25. Rdd7 Qe5 26. Kf1 Rxe6 27. g3 Qe4 28. Kg1 Qe1+ 29. Kg2 Qe4+ 30. f3 Qe2+ 31. Kh3 g5 32. Qd3 Rh6# 0-1

[Event "Chorzow op"]
[Site "Chorzow"]
[Date "2008.04.04"]
[Round "9"]
[White "Michalski, Edmund"]
[Black "Gwozdzik, Zbigniew"]
[Result "0-1"]
[WhiteElo "1926"]
[BlackElo "1888"]
[PlyCount "82"]
[EventDate "2008.03.29"]
[EventType "swiss"]
[EventRounds "9"]
[EventCountry "POL"]
[SourceTitle "EXT 2010"]
[Source "ChessBase"]
[SourceDate "2010.11.25"]
[SourceVersion "1"]
[SourceVersionDate "2010.11.25"]
[SourceQuality "1"]

1. d4 Nf6 2. Nf3 e6 3. e3 b6 4. Bd3 Bb7 5. Nbd2 d5 6. 0-0 Bd6 7. Qe2 0-0 8. Ne5 c5 9. c3 Nbd7 10. f4 Ne4 11. Bb5 Ndf6 12. Ndf3 a6 13. Bd3 c4 14. Bc2 Rc8 15. Bd2 b5 16. Be1 a5 17. Bh4 Qc7 18. Bxf6 Nxf6 19. g4 b4 20. g5 Ne4 21. Bxe4 dxe4 22. Nd2 Bd5 23. Qg2 Kh8 24. Ng4 f5 25. gxf6 gxf6 26. Qh3 Rg8 27. Kh1 Rg6 28. f5 exf5 29. Rxf5 Be6 30. Raf1 Rcg8 31. Nh6 Bxf5 32. Nxf5 Bf8 33. Nxe4 Qc6 34. Qf3 Rg2 35. Nfg3 Rxb2 36. d5 Qxd5 37. cxb4 axb4 38. Qxf6+ Bg7 39. Qe7 Qe5 40. Qb7 c3 41. Nf5 Qxh2# 0-1